000 01028cam a22003017a 4500
003 CHAP
005 20220329135707.0
008 971013s1953 r 00010 d
010 _a40678
011 _a41650
035 _a45776
040 _cCHAP
090 _aFolleto 5933
100 0 0 _aMorris, Carlos.
_978888
245 1 4 _aLas posibilidades para la plantación de caña de azúcar y su industrialización en la región denominada La Resolana del estado de Jalisco
260 _a(México) :
_bBanco de México,
_c(1953)
300 _a18 h.
_b; apénd
590 _aBATCH-UPD
_b10
_c20130110
_lUCH01
_h0311
590 _aBATCH-UPD
_b10
_c20130110
_lUCH01
_h2324
590 _aBATCH-UPD
_b10
_c20130409
_lUCH01
_h2343
590 _aBATCH-UPD
_b10
_c20130914
_lUCH01
_h0835
590 _aCONVERSION
_b10
_c20130109
_lUCH01
_h1322
650 1 4 _aCaña de azúcar
_xJalisco.
_918619
650 1 4 _aIndustria azucarera
_xJalisco.
_957787
901 _aBK
942 _cFOLL
949 _aFolleto 5933
_bBC
_cFOLL
_d-104443
_eTS1
_i45776
_mD
_si
999 _c40678
_d40678